Bioprocess System Analysis and Control [e resource : question paper] : (SEE) BE Sixth sem, May 10 PESIT Autonomous (BT 351) (Record no. 211816)
[ view plain ]
| 000 -LEADER | |
|---|---|
| fixed length control field | 00463nam a2200121Ia 4500 |
| 008 - FIXED-LENGTH DATA ELEMENTS--GENERAL INFORMATION | |
| fixed length control field | 231221s9999 xx 000 0 und d |
| 041 ## - LANGUAGE CODE | |
| Language code of text/sound track or separate title | English |
| 082 ## - DEWEY DECIMAL CLASSIFICATION NUMBER | |
| Classification number | QPBTUG10-3389 |
| 245 #0 - TITLE STATEMENT | |
| Title | Bioprocess System Analysis and Control [e resource : question paper] : (SEE) BE Sixth sem, May 10 PESIT Autonomous (BT 351) |
| 260 ## - PUBLICATION, DISTRIBUTION, ETC. | |
| Date of publication, distribution, etc. | 2010/05 |
| Name of publisher, distributor, etc. | PESIT |
| Place of publication, distribution, etc. | Bangalore |
| 650 ## - SUBJECT ADDED ENTRY--TOPICAL TERM | |
| Topical term or geographic name entry element | Bioprocess,Control,[e,paper],(SEE),BE,Sixth,sem,,May,10,PESIT,Autonomous,(BT,351) |
| 942 ## - ADDED ENTRY ELEMENTS (KOHA) | |
| Koha item type | Digital Library |
| Date last seen | Total checkouts | Full call number | Accession number | Uniform resource identifier | Price effective from | Category | Lost status | Damaged status | Department | Withdrawn status | Home library | Current library | Shelving location | Entry date | Grants | Billdate | Currency symbol | Conversion rate | Discount | Old discount |
|---|---|---|---|---|---|---|---|---|---|---|---|---|---|---|---|---|---|---|---|---|
| 26/01/2024 | QPBTUG10-3389 | DL3389 | digital/qp/dl3389.pdf | 26/01/2024 | Digital Library | Central Library | Central Library | Central Library | Central Library | BT | 25/02/2014 | RS | 1 |
